Sinopsis de familias y géneros de plantas leñosas de Filipinas (Record no. 167452)

MARC details
000 -LEADER
campo de control de longitud fija 00836nam a22002055i 4500
001 - NÚMERO DE CONTROL
campo de control 167452
003 - IDENTIFICADOR DE NÚMERO DE CONTROL
campo de control ES-MaACL
005 - FECHA Y HORA DE LA ÚLTIMA TRANSACCIÓN
campo de control 20250911063602.0
008 - DATOS DE LONGITUD FIJA--INFORMACIÓN GENERAL
campo de control de longitud fija 000110s1883 phl |||| | spa d
040 ## - FUENTE DE CATALOGACIÓN
Centro catalogador/agencia de origen M-RACE
Lengua de catalogación spa
Centro/agencia transcriptor M-RACE
Centro/agencia modificador CCPB | B
100 1# - ENTRADA PRINCIPAL--NOMBRE DE PERSONA
Nombre de persona Vidal y Soler, Sebastián,
Fechas asociadas al nombre 1842-1889
9 (RLIN) 114528
245 10 - MENCIÓN DEL TÍTULO
Título Sinopsis de familias y géneros de plantas leñosas de Filipinas
Resto del título : introducción a la flora forestal del archipiélago filipino /
Mención de responsabilidad, etc. redactada por Sebastián Vidal y Soler.
260 ## - PUBLICACIÓN, DISTRIBUCIÓN, ETC.
Lugar de publicación, distribución, etc. Manila :
Nombre del editor, distribuidor, etc. [s.n.],
Fecha de publicación, distribución, etc. 1883 (
Fabricante Establecimiento Tipo-litográfico de Chofré y C.ª)
300 ## - DESCRIPCIÓN FÍSICA
Extensión v. ;
Dimensiones 21 cm.
505 8# - NOTA DE CONTENIDO CON FORMATO
Nota de contenido con formato Contiene : Vol. I. Texto. -- XVIII, 411 p.
650 04 - PUNTO DE ACCESO ADICIONAL DE MATERIA--TÉRMINO DE MATERIA
Término de materia o nombre geográfico como elemento de entrada Flora-
Subdivisión general Filipinas
9 (RLIN) 12902
752 ## - ENTRADA AGREGADA--NOMBRE JERÁRQUICO DEL LUGAR
País o entidad superior Filipinas -
Ciudad Manila
852 ## - LOCALIZACIÓN
Ubicación ES-MaACL
Número de control de estantería B-6487-88
Nota libre -- Enc. hol.
Holdings
Estatus retirado Estado de pérdida Estado de daño No para préstamo Colección Biblioteca de origen Biblioteca actual Ubicación en estantería Fecha de adquisición Fuente de adquisición Total de préstamos Signatura topográfica completa Código de barras Visto por última vez Precio de reemplazo Tipo de ítem Koha
        Libros del s. XIX Biblioteca del Ateneo de Madrid Biblioteca del Ateneo de Madrid Sala Pardo Bazán 17/01/2008     B-6487-6488 1175667 23/02/2023 23/02/2023 Libro impreso antiguo